Campeonato Espanhol de Futebol - Equipes que ganharam até 14/15 - Statistics

Estatísticas Gerais
  • Esse quiz foi jogado 798 vezes
  • A pontuação média é 6 de 9
Estatísticas das Respostas
Títulos Clube % Correto
23 BARCELONA
100%
32 REAL MADRID
100%
10 ATLETICO DE MADRID
98%
6 VALENCIA
73%
8 ATHLETIC BILBAO
68%
1 SEVILLA
55%
1 BETIS
52%
2 REAL SOCIEDAD
51%
1 DEPORTIVO LA CORUÑA
43%
Nenhum quiz correspondente encontrado
Distribuição das Pontuações
Porcentagem de Pessoas com Cada Pontuação
Percentil de Números Respondidos
Sua Pontuação Histórica
Você não jogou esse quiz